Eastern Utah Libraries Catalog: Duchesne, Heber, Roosevelt, & Vernal

Garfield : A tail of two kitties (Record no. 41479)

MARC details
000 -LEADER
fixed length control field 03683cgm a2200721Ka 4500
001 - CONTROL NUMBER
control field ocm70701330
003 - CONTROL NUMBER IDENTIFIER
control field OCoLC
005 - DATE AND TIME OF LATEST TRANSACTION
control field 20241220115544.0
007 - PHYSICAL DESCRIPTION FIXED FIELD--GENERAL INFORMATION
fixed length control field vd cvaizq
008 - FIXED-LENGTH DATA ELEMENTS--GENERAL INFORMATION
fixed length control field 060726s2006 cau084 g vceng d
024 1# - OTHER STANDARD IDENTIFIER
Standard number or code 024543387381
028 42 - PUBLISHER NUMBER
Publisher number 2238738
Source 20th Century Fox Home Entertainment
035 ## - SYSTEM CONTROL NUMBER
System control number (Sirsi) o70701330
037 ## - SOURCE OF ACQUISITION
Source of stock number/acquisition Midwest Tape
Note http://www.midwesttapes.com
040 ## - CATALOGING SOURCE
Original cataloging agency TEFMT
Transcribing agency TEFMT
Modifying agency TEF
-- RCS
-- UINTA
Description conventions
041 1# - LANGUAGE CODE
Language code of text/sound track or separate title eng
-- fre
-- spa
Language code of summary or abstract/overprinted title or subtitle eng
-- spa
Language code of original and/or intermediate translations of text eng
043 ## - GEOGRAPHIC AREA CODE
Geographic area code e-uk-en
049 ## - LOCAL HOLDINGS (OCLC)
Holding library UCLB
050 14 - LIBRARY OF CONGRESS CALL NUMBER
Classification number PN1995.9.A5
Item number G3745453 2006
082 04 - DEWEY DECIMAL CLASSIFICATION NUMBER
Classification number 791.43/72
Edition number 22
092 ## - LOCALLY ASSIGNED DEWEY CALL NUMBER (OCLC)
Classification number 791.437
245 00 - TITLE STATEMENT
Title Garfield : A tail of two kitties
246 30 - VARYING FORM OF TITLE
Title proper/short title Tail of two kitties
260 ## - PUBLICATION, DISTRIBUTION, ETC. (IMPRINT)
Place of publication, distribution, etc Beverly Hills, Calif. :
Name of publisher, distributor, etc 20th Century Fox Home Entertainment, Inc.,
Date of publication, distribution, etc c2006.
264 ## - Production, Publication, Distribution, Manufacture, and Copyright Notice.
Place of production, publication, distribution, manufacture Beverly Hills, Calif. :
Name of producer, publisher, distributor, manufacturer 20th Century Fox Home Entertainment,
Date of production, publication, distribution, manufacture, or copyr c2006.
300 ## - PHYSICAL DESCRIPTION
Extent 1 videodisc (ca. 84 min.) :
Other physical details sd., col. ;
Dimensions 4 3/4 in.
500 ## - GENERAL NOTE
General note Title from container.
500 ## - GENERAL NOTE
General note Based on the comic strip "Garfield" by Jim Davis.
500 ## - GENERAL NOTE
General note Special features: Full frame original theatrical feature; Widescreen extended feature; Forced items; "Come and get it" music video; Drawing with Jim Davis (includes drawing Garfield, Odie and Pookie); Exclusive Garfield comic strip; Odie's photo album game; Garfield's maze game.
508 ## - CREATION/PRODUCTION CREDITS NOTE
Creation/production credits note Director of photography, Peter Lyons Collister ; editor, Peter S. Elliot ; music, Christophe Beck ; costume designer, Francine Jamison-Tanchuck ; production designer, Tony Burrough.
511 1# - PARTICIPANT OR PERFORMER NOTE
Participant or performer note Breckin Meyer, Jennifer Love Hewitt, Billy Connolly, Ian Abercrombie, Roger Rees, Lucy David, Lena Cardwell, Veronica Alicino.
511 0# - PARTICIPANT OR PERFORMER NOTE
Participant or performer note Voice: Bill Murray.
520 ## - SUMMARY, ETC.
Summary, etc Jon Arbuckle travels to the London and decides to bring his cat, Garfield, along for the trip. A case of mistaken cat identity finds Garfield ruling over a castle after swapping places with an aristocratic kitty who has inherited a fabulous castle. Garfield's reign is soon jeopardized by the nefarious Lord Dargis, who has designs on the estate.
521 8# - TARGET AUDIENCE NOTE
Target audience note MPAA rating: PG; for some off-color elements.
538 ## - SYSTEM DETAILS NOTE
System details note DVD, region 1; full screen (1.33:1) and widescreen (1.85:1) presentations; Dolby Digital 5.1 surroud, Dolby surround.
546 ## - LANGUAGE NOTE
Language note English, dubbed French or dubbed Spanish dialogue, English or Spanish subtitles.
650 #0 - SUBJECT ADDED ENTRY--TOPICAL TERM
Topical term or geographic name as entry element Garfield (Fictitious character)
Form subdivision Drama.
9 (RLIN) 5696314
650 #0 - SUBJECT ADDED ENTRY--TOPICAL TERM
Topical term or geographic name as entry element Human-animal relationships
Form subdivision Drama.
9 (RLIN) 5692867
650 #0 - SUBJECT ADDED ENTRY--TOPICAL TERM
Topical term or geographic name as entry element Mistaken identity
Form subdivision Drama.
9 (RLIN) 5780402
650 #7 - SUBJECT ADDED ENTRY--TOPICAL TERM
Topical term or geographic name as entry element Gatos
Form subdivision Teatro.
Source of heading or term bidex
9 (RLIN) 5706537
650 #7 - SUBJECT ADDED ENTRY--TOPICAL TERM
Topical term or geographic name as entry element Conducta social de animales
Form subdivision Teatro.
Source of heading or term bidex
9 (RLIN) 6480319
650 #4 - SUBJECT ADDED ENTRY--TOPICAL TERM
Topical term or geographic name as entry element Garfield (Fictitious character)
Form subdivision Drama.
9 (RLIN) 5696314
650 #4 - SUBJECT ADDED ENTRY--TOPICAL TERM
Topical term or geographic name as entry element Human-animal relationships
Form subdivision Drama.
9 (RLIN) 5692867
650 #4 - SUBJECT ADDED ENTRY--TOPICAL TERM
Topical term or geographic name as entry element Mistaken identity
Form subdivision Drama.
9 (RLIN) 5780402
655 #0 - INDEX TERM--GENRE/FORM
Genre/form data or focus term Feature films.
9 (RLIN) 6163842
655 #0 - INDEX TERM--GENRE/FORM
Genre/form data or focus term Comedy films.
9 (RLIN) 6163843
655 #7 - INDEX TERM--GENRE/FORM
Genre/form data or focus term Children's films.
Source of term local
9 (RLIN) 6163844
655 #7 - INDEX TERM--GENRE/FORM
Genre/form data or focus term Comedy
Form subdivision Feature.
Source of term local
9 (RLIN) 5696136
655 #7 - INDEX TERM--GENRE/FORM
Genre/form data or focus term Children's
Form subdivision Feature.
Source of term local
9 (RLIN) 5710558
655 #7 - INDEX TERM--GENRE/FORM
Genre/form data or focus term Family
Form subdivision Feature.
Source of term local
9 (RLIN) 5706541
700 1# - ADDED ENTRY--PERSONAL NAME
Personal name Hill, Tim.
9 (RLIN) 34118
700 1# - ADDED ENTRY--PERSONAL NAME
Personal name Meyer, Breckin,
Dates associated with a name 1974-
9 (RLIN) 66489
700 1# - ADDED ENTRY--PERSONAL NAME
Personal name Hewitt, Jennifer Love,
Dates associated with a name 1979-
9 (RLIN) 64339
700 1# - ADDED ENTRY--PERSONAL NAME
Personal name Connolly, Billy.
9 (RLIN) 32888
700 1# - ADDED ENTRY--PERSONAL NAME
Personal name Abercrombie, Ian.
9 (RLIN) 59329
700 1# - ADDED ENTRY--PERSONAL NAME
Personal name Rees, Roger,
Dates associated with a name 1944-
9 (RLIN) 18820
700 1# - ADDED ENTRY--PERSONAL NAME
Personal name Murray, Bill,
Dates associated with a name 1950-
9 (RLIN) 73900
700 1# - ADDED ENTRY--PERSONAL NAME
Personal name Collister, Peter Lyons,
Dates associated with a name 1956-
9 (RLIN) 70796
700 1# - ADDED ENTRY--PERSONAL NAME
Personal name Beck, Christophe.
9 (RLIN) 67037
700 1# - ADDED ENTRY--PERSONAL NAME
Personal name Davis, Jim,
Dates associated with a name 1945 July 28-
Title of a work Garfield.
9 (RLIN) 53144
710 2# - ADDED ENTRY--CORPORATE NAME
Corporate name or jurisdiction name as entry element Twentieth Century Fox Home Entertainment, Inc.
9 (RLIN) 61951
942 ## - ADDED ENTRY ELEMENTS (KOHA)
Koha item type DVD
Source of classification or shelving scheme Dewey Decimal Classification
Holdings
Withdrawn status Lost status Source of classification or shelving scheme Damaged status Not for loan Collection code Home library Current library Shelving location Date acquired Source of acquisition Cost, normal purchase price Total Checkouts Total Renewals Full call number Barcode Date last seen Date checked out Cost, replacement price Price effective from Koha item type
    Dewey Decimal Classification     Movies Wasatch County Library Wasatch County Library Audio Visual Area 03/12/2014 Amazon 25.00 87 15 DVD Gar 34301001298522 09/03/2025 08/19/2025 25.00 03/20/2020 DVD
This project was made possible through a grant from the Institute of Museum and Library Service administered by the Utah State Library Division.

Wasatch County Library

  • 465 East 1200 South, Heber City, Utah 84032
  • Phone 435-654-1511 | Fax 435-654-6456

Hours

  • Monday - Friday 9:30 AM - 8:00 PM
  • Saturday 9:30 AM - 1:30 PM
  • Closed Sundays and Holidays